Statistics for Billboard Top 100 2020

Click here to take the quiz!

General Stats

  • This quiz has been taken 27 times
  • The average score is 32 of 100

Answer Stats

NumberArtistSong% Correct
1The WeekndBlinding Lights
89%
20Harry StylesWatermelon Sugar
85%
3Roddy RicchThe Box
78%
46Billie Eilishbad guy
70%
2Post MaloneCircles
70%
15Megan Thee StallionSavage
70%
14Tones And IDance Monkey
67%
5DaBaby ft Roddy RicchRockstar
67%
10Lewis CapaldiSomeone You Loved
67%
6Harry StylesAdore You
59%
4Dua LipaDon't Start Now
59%
11Doja CatSay So
59%
48Lady Gaga & Ariana GrandeRain On Me
56%
44Shawn Mendes & Camila CabelloSeñorita
56%
38BTSDynamite
52%
31LizzoGood As Hell
52%
55LizzoTruth Hurts
52%
24Cardi B ft Megan Thee StallionWAP
52%
72Young Thug ft GunnaHot
48%
4724kGoldn ft iann diorMood
48%
67Mariah CareyAll I Want For Christmas Is You
44%
21Lewis CapaldiBefore You Go
44%
28The WeekndHeartless
44%
8Maroon 5Memories
44%
16Arizona ZervasRoxanne
44%
86The SCOTTS, Travis Scott & Kid CudiThe Scotts
44%
23Dan + Shay & Justin Bieber10,000 Hours
41%
39Chris Brown & Young ThugGo Crazy
41%
17Justin Bieber ft QuavoIntentions
41%
35Jawsh 685 x Jason DeruloSavage Love (Laxed - Siren Beat)
41%
13Jack Harlow ft DaBaby, Tory Lanez & Lil WayneWhats Poppin
41%
58Justin BieberYummy
41%
27Lil MoseyBlueberry Faygo
37%
26blackbearHot Girl Bummer
37%
56JP Saxe ft Julia MichaelsIf The World Was Ending
37%
12Gabby Barrett ft Charlie PuthI Hope
37%
7Future ft DrakeLife Is Good
37%
30Selena GomezLose You To Love Me
37%
71Lil Nas XPanini
37%
19SAINt JHNRoses
37%
9Maren MorrisThe Bones
37%
53SHAEDTrampoline
37%
33Dua LipaBreak My Heart
33%
18Billie EilishEverything I Wanted
33%
22Trevor DanielFalling
30%
62Eminem ft Juice WRLDGodzilla
30%
37Camila Cabello ft DaBabyMy Oh My
30%
36Chris Brown ft DrakeNo Guidance
30%
80Ariana Grande & Justin BieberStuck With U
30%
61SurfacesSunday Best
30%
25Mustard & Roddy RicchBallin'
26%
63Juice WRLD & YoungBoy Never Broke AgainBandit
26%
54Juice WRLD x MarshmelloCome & Go
26%
43Powfu ft beabadoobeeDeath Bed
26%
45Travis ScottHIGHEST IN THE ROOM
26%
41Drake ft Lil DurkLaugh Now Cry Later
26%
77Jonas BrothersOnly Human
26%
76Lil BabyThe Bigger Picture
26%
32DrakeToosie Slide
26%
83Pop SmokeDior
22%
49Pop Smoke ft Lil Baby & DaBabyFor The Night
22%
51Rod WaveHeart On Ice
22%
50Black Eyed Peas X J BalvinRITMO (Bad Boys For Life)
22%
78Pop Smoke ft 50 Cent & Roddy RicchThe Woo
22%
57Lil Baby & 42DuggWe Paid
22%
87Doja Cat & TygaJuicy
19%
64StaySolidRockyParty Girl
19%
66DJ Khaled ft DrakePopstar
19%
84BENEE ft Gus DappertonSupalonely
19%
100NLE Choppa ft Roddy RicchWalk Em Down
19%
92Juice WRLDWishing Well
19%
88Kane Brown With Swae Lee & KhaledBe Like That
15%
91Miranda LambertBluebird
15%
69Sam HuntHard To Forget
15%
52Blake Shelton Duet With Gwen StefaniNobody But You
15%
75YNW Melly & Juice WRLDSuicidal
15%
82HalseyYou Should Be Sad
15%
29DaBabyBOP
11%
34Morgan WallenChasin' You
11%
74Lil BabyEmotionally Scarred
11%
40Roddy Ricch ft MustardHigh Fashion
11%
89Kane BrownHomesick
11%
95Surf Mesa ft Emileeily
11%
97Luke CombsLovin' On You
11%
81Pop Smoke ft Lil TjayMood Swings
11%
96Morgan WallenMore Than My Hometown
11%
94Jhene AikoP*$$y Fairy (OTW)
11%
90Rod Wave ft ATR Son SonRags2Riches
11%
99H.E.R. ft YGSlide
11%
65Maddie & TaeDie From A Broken Heart
7%
93Luke Combs ft Eric ChurchDoes To Me
7%
85Luke CombsEven Though I'm Leaving
7%
60Jason AldeanGot What I Got
7%
73Carly Pearce & Lee BriceI Hope You're Happy Now
7%
59Old DominionOne Man Band
7%
70Luke BryanOne Margarita
7%
68Lee BriceOne Of Them Girls
7%
98Moneybagg YoSaid Sum
7%
79Lil BabySum 2 Prove
7%
42Lil BabyWoah
7%

Score Distribution

Percentile by Number Answered

Percent of People with Each Score

Your Score History

You have not taken this quiz